ගෘහස්ථ ප්‍ර‍චන්ඩක්‍රියා වැළැක්වීමේ පනත යනු කුමක්ද? (Record no. 4701)

MARC details
000 -LEADER
fixed length control field 00817nam a22001817a 4500
003 - CONTROL NUMBER IDENTIFIER
control field LK-CoMWRAF
005 - DATE AND TIME OF LATEST TRANSACTION
control field 20240130141908.0
008 - FIXED-LENGTH DATA ELEMENTS--GENERAL INFORMATION
fixed length control field 240130b |||||||| |||| 00| 0 eng d
040 ## - CATALOGING SOURCE
Original cataloging agency LK-CoMWRAF
Modifying agency LK-CoMWRAF
Description conventions LK-CoMWRAF
041 ## - LANGUAGE CODE
Language code of text/sound track or separate title Sinhala; Sinhalese
082 ## - DEWEY DECIMAL CLASSIFICATION NUMBER
Classification number 362.8292
Item number GRU
942 ## - ADDED ENTRY ELEMENTS (KOHA)
Koha item type Books
700 ## - ADDED ENTRY--PERSONAL NAME
Personal name දළුවත්ත, ශ්‍යාමිලා
Personal name (Transliterated) Daluwaththa, Shyamila
Relator Term editor
700 ## - ADDED ENTRY--PERSONAL NAME
Personal name මුතුකුමාරගේ, දමයන්ති
Personal name (Transliterated) Muthukumarage, Damayanthi
Relator Term illustrator
245 ## - TITLE STATEMENT
Title ගෘහස්ථ ප්‍ර‍චන්ඩක්‍රියා වැළැක්වීමේ පනත යනු කුමක්ද?
246 ## - VARYING FORM OF TITLE
Title proper/short title Gruhastha prachandakriya walakweeme panatha yanu kumakda?
260 ## - PUBLICATION, DISTRIBUTION, ETC. (IMPRINT)
Place of publication, distribution, etc. නාරාහේන්පිට :
Name of publisher, distributor, etc. ජාතික කාන්තා කමිටුව,
Holdings
Withdrawn status Lost status Damaged status Not for loan Permanent Location Current Location Date acquired Full call number Barcode Koha item type
        Resource center, Muslim Women's Research And Action Forum Resource center, Muslim Women's Research And Action Forum 2024-01-30 362.8292 GRU RAF4985 Books

Copyright © 2023 Muslim Women's Research and Action Forum (MWRAF), No 27/3, Anderson Road, Kalubowila, Dehiwela. Funded by The Asia Fundation